Nuevo director gerente de la Casa de Maternidad
Publicado:
San Jorge, núm. 85 (1r trimestre 1972), pàg 70 :
MARC
| LEADER | 00000nam a2200000Ia 4500 | ||
|---|---|---|---|
| 001 | |||
| 008 | 160829s9999 xx 000 0 cat d | ||
| 245 | |a Nuevo director gerente de la Casa de Maternidad | ||
| 260 | |a San Jorge, núm. 85 (1r trimestre 1972), pàg 70 | ||
| 610 | 2 | 0 | |a Casa de Maternitat i Expòsits de Barcelona |9 52670 |
| 650 | |a Casals Puntí, Luis |9 41048 | ||
| 901 | |a Arxiu | ||
| 942 | |n 1 | ||
| 952 | |0 0 |1 0 |4 0 |7 1 |9 50011 |a Arxiu |b Arxiu |d 2016-12-01 |l 0 |r 2016-12-01 00:00:00 |w 2016-12-01 |y ARXIU | ||
| 999 | |c 53853 |d 53853 | ||